1302 1162 1021 1861 1612 1912 1237 1666 1577 1357 1861 1202 1484 1958 1153 1096 1752 1009 1648 1730 1786 1787 1637 1213 1894 1636 1652 1573 1098 1507 1393 1707 1863 1918 1586 1771 1288 1395 1010 1139 1178 1659 1612 1967 1762 1962 1077 1300 1385 1452 1866 1343 1779 1079 1346 1693 1993 1355 1583 1314 1795 1500 1945 1814 1018 1301 1487 1038 1382 1055 1337 1252 1099 1935 1929 1027 1525 1596 1328 1800 1674 1231 1745 1427 1389 1856 1231 1055 1715 1013 1238 1367 1569 1233 1372 1244 1134 1207 1746 BCNSPRNW ULIB Ver.6.0+V

เปลี่ยนเป็นภาษาไทย

Change to English
 แสดงรายละเอียดบรรณานุกรม
  กลับหน้าหลัก

Brief Record : Get Marc (ISO 2709) : E-mail record : QR code < ปิดหน้าต่าง
LEADER : 00000nam 2200000uu 4500
001    13399122236
003     ULIB
008    130116s||||||||th 000 0 tha d
020    ^a9786167594002
050    ^aPL4167^bค363
110 0  ^aฝ่ายวิชาการสำนักพิมพ์ครีเอทบุ๊คส์
245 10 ^aคำไทยง่ายที่มักใช้ผิด:^bรวมลักษณะนามและหลักเกณ์ การใช้เครื่องหมายต่างๆในภาษาไทย /^cฝ่ายวิชาการสำนักพิมพ์ครีเอทบุ๊คส์
260    ^aกรุงเทพฯ :^bครีเอทบุ๊คส์,^c2554.
300    ^a297 หน้า :^bภาพประกอบ ;^c19 ซม
650  4 ^aภาษาไทย^xการใช้ภาษา
945    ^p120^l0^i19715
945    ^p120^l0^i19724
945    ^p120^l0^i19725
995    ^aกัณชพร
999    ^aใช้งานได้ทุกระบบ
รายการนี้ยังไม่มีแท็ก
คุณยังไม่ได้ล็อกอิน คุณสามารถมีกิจกรรมร่วมกับเว็บไซต์ได้ แต่ต้องล็อกอินก่อน ::
  ล็อกอิน

รายการสื่อสารสนเทศ

ลำดับที่ ประเภท เลขเรียก/บาร์โค้ด สถานที่ สถานะ
1. การศึกษาทั่วไป
การศึกษาทั่วไป
PL4167 ค363  
  Barcode: 19715
ห้องสมุดวิทยาเขตสวรรค์ประชารักษ์
►หนังสือทั่วไป
บนชั้น
2. การศึกษาทั่วไป
การศึกษาทั่วไป
PL4167 ค363 ฉ.2 
  Barcode: 19724
ห้องสมุดวิทยาเขตสวรรค์ประชารักษ์
►หนังสือทั่วไป
บนชั้น
3. การศึกษาทั่วไป
การศึกษาทั่วไป
PL4167 ค363 ฉ.3 
  Barcode: 19725
ห้องสมุดวิทยาเขตสวรรค์ประชารักษ์
►หนังสือทั่วไป
บนชั้น

BibComment


ยังไม่เคยถูกคอมเมนท์

คอมเมนท์ทรัพยากรรายการนี้
  คอมเมนท์: คำไทยง่ายที่มักใ..


 Copyright 2026. Bcnsprnw @Library